01972nam a2200373 i 4500001001000000003000900010005001700019007000300036008004100039040003000080041000800110082002400118100005000142245003500192246003000227250002200257264007400279300004500353336002700398337003300425338002800458500007100486590002700557650002800584650003100612910003600643942001400679952022400693952021100917952012801128952012801256952019701384999001701581000046295DO-SdBNP20250718113449.0ta150716s1982 dr a r 000 0 spa d aDO-SdBNPbspacBNPHUerda aspa 4aRD861.44bB663a2221 aBobadilla, José,d1955-911356eautor4aut.10aAbalorios /cJosé Bobadilla.13aAbalorios (circunstancia) aPrimera edición 4aSanto Domingo, República Dominicana : bEditora Corripio,c©1982. a151 páginas :bilustraciones ;c20 cm. atextobtxt2rdacontent asin mediaciónbn2rdamedia avolumenbnc2rdacarrier aIncluye datos biográficos del autor en la solapa de la cubierta. aInventariado, 2025/ YL 4aPoesía dominicana966 0aLiteratura dominicana.967 aValidado Control de calidad MFF 2ddccLBS1 00102ddc51708PDaBNPHUbBNPHUcHDd2014-06-04eDonado por Chiqui V. / Fidelio D.l0oBNPHU PD RD861.44 B663ap46295-10r2020-06-25w2020-06-25yLBS1zPerteneció a la biblioteca personal Chiqui Vicioso / Fidelio D. 00102ddc51708PDaBNPHUbBNPHUcHDd2016-08-01eDonado por Barbara Suncarl0oBNPHU PD RD861.44 B663ap46295-20r2020-06-25te.2w2020-06-25yLBS1zPerteneció a la biblioteca personal de Barbara Suncar 00102ddc56708DSaBNPHUbBNPHUcHDd2016-08-01l0oBNPHU DS RD861.44 B663ap2025-3964r2025-05-06te.3w2025-05-06yLBS1 00102ddc56708DSaBNPHUbBNPHUcHDd2016-08-01l0oBNPHU DS RD861.44 B663ap2025-3965r2025-05-06te.4w2025-05-06yLBS1 00102ddc56708DSaBNPHUbBNPHUcHDd2016-08-01l0oBNPHU DS RD861.44 B663ap2025-3966r2025-05-06te.5w2025-05-06yLBS1zPerteneció a la biblioteca personal de René Rodríguez Soriano c45784d45784